000 00698nam a2200193Ia 4500
003 GCL
008 140319s9999 xx 000 0 ara d
040 _aGCL /
_cGCL
082 0 4 _a214.3
_bم ا
100 1 _aمحمد على ابوريان
245 1 0 _aاسلمة المعرفة: العلوم الانسانية ومناهجها من وجهة نظر اسلامية /
_cمحمد على ابوريان
300 _a421 ص
490 _aالهيئة العامة للاستعلامات
_v0
650 0 4 _aالاسلام
650 0 4 _aالاسلام والفلسفة
650 0 4 _aالاسلام والسياسة
650 0 4 _aالاسلام - العلوم الانسانية
942 _2ddc
_cBK
999 _c49450
_d49450